[Event "Benidorm op U2300 10th"]
[Site "Benidorm"]
[Date "2011.12.06"]
[Round "6"]
[White "Lopez Pereyra, Antonio"]
[Black "Marchena Hurtado, Ander"]
[Result "1-0"]
[WhiteElo "2132"]
[BlackElo "1950"]
[PlyCount "39"]
[EventDate "2011.12.02"]
[EventType "swiss"]
[EventRounds "10"]
[EventCountry "ESP"]
[SourceTitle "CBM 145 Extra"]
[Source "ChessBase"]
[SourceDate "2012.01.03"]
[SourceVersion "1"]
[SourceVersionDate "2012.01.03"]
[SourceQuality "1"]

1. e4 c5 2. Nf3 d6 3. d4 cxd4 4. Nxd4 Nf6 5. Nc3 Nc6 6. Bc4 e6 7. Be3 Be7 8. Qe2 0-0 9. 0-0-0 a6 10. Bb3 Qc7 11. g4 Nd7 12. Rhg1 Nc5 13. g5 b5 14. Bd5 Bb7 15. Qh5 Rfd8 16. Nf5 Bf8 17. Nh6+ gxh6 18. gxh6+ Kh8 19. Rg8+ Kxg8 20. Qg5+ 1-0

[Event "Pielagos op 17th"]
[Site "Pielagos"]
[Date "2011.08.28"]
[Round "3"]
[White "Marchena Hurtado, Ander"]
[Black "Guerra Bastida, Diego"]
[Result "0-1"]
[WhiteElo "1951"]
[BlackElo "2397"]
[PlyCount "74"]
[EventDate "2011.08.27"]
[EventType "swiss"]
[EventRounds "9"]
[EventCountry "ESP"]
[SourceTitle "CBM 144 Extra"]
[Source "ChessBase"]
[SourceDate "2011.10.28"]
[SourceVersion "1"]
[SourceVersionDate "2011.10.28"]
[SourceQuality "1"]

1. e4 d6 2. d4 Nf6 3. Nc3 g6 4. h3 Bg7 5. Nf3 0-0 6. Be3 e5 7. Bd3 exd4 8. Bxd4 Nc6 9. Be3 d5 10. Bg5 dxe4 11. Nxe4 Qe8 12. Bxf6 Bxf6 13. c3 Bg7 14. 0-0 Bf5 15. Re1 Qd8 16. Qc2 Qd5 17. a3 Rad8 18. Rad1 Ne5 19. Nxe5 Qxe5 20. g4 Be6 21. Bf1 Qf4 22. Qc1 Qxc1 23. Rxc1 b6 24. Bg2 h6 25. Ng3 Rd2 26. Re2 Rxe2 27. Nxe2 Rd8 28. Bf1 Rd2 29. Rb1 Ba2 30. Rc1 Rxb2 31. Nd4 Bd5 32. Nb5 Bf8 33. Bd3 Bc5 34. Rc2 Rb1+ 35. Kh2 a6 36. c4 Bc6 37. Nc3 Bd6+ 0-1

[Event "Euskadi-chT (Vasca) Div 1st"]
[Site "Bergara"]
[Date "2011.02.12"]
[Round "6.4"]
[White "Rodriguez Gonzalez, Alex"]
[Black "Marchena Hurtado, Ander"]
[Result "1-0"]
[WhiteElo "2049"]
[BlackElo "1886"]
[PlyCount "85"]
[EventDate "2011.01.08"]
[EventType "team-tourn"]
[EventRounds "9"]
[EventCountry "ESP"]
[SourceTitle "EXT 2024"]
[Source "ChessBase"]
[SourceDate "2023.10.10"]
[SourceVersion "1"]
[SourceVersionDate "2023.10.10"]
[SourceQuality "1"]

1. e4 e5 2. Nc3 Nf6 3. f4 d5 4. fxe5 Nxe4 5. Qf3 Nc6 6. Bb5 Nxc3 7. dxc3 a6 8. Bxc6+ bxc6 9. Qg3 Bf5 10. Nf3 Bg6 11. h4 h6 12. Bf4 Qd7 13. 0-0-0 0-0-0 14. e6 Qxe6 15. Bxc7 Bd6 16. Bxd6 Qxd6 17. Qg4+ Qd7 18. Qa4 Kb7 19. Ne5 Qc7 20. Nxg6 fxg6 21. Rhe1 Rd7 22. Re6 g5 23. Qb4+ Ka7 24. Qc5+ Kb7 25. Rd4 a5 26. Ra4 Qb6 27. Qxb6+ Kxb6 28. hxg5 hxg5 29. Rg4 Rh6 30. Re5 Rg6 31. b4 Rdd6 32. Kb2 Rde6 33. Rexg5 Rxg5 34. bxa5+ Kxa5 35. Rxg5 Re7 36. c4 Kb4 37. cxd5 c5 38. d6 Rd7 39. Rd5 Kc4 40. Rd3 Rb7+ 41. Kc1 Rd7 42. Kd2 Kb4 43. a3+ 1-0

[Event "ESP-ch U18"]
[Site "Linares"]
[Date "2010.07.26"]
[Round "1"]
[White "Marchena Hurtado, Ander"]
[Black "Forcen Esteban, Daniel"]
[Result "0-1"]
[WhiteElo "1902"]
[BlackElo "2379"]
[PlyCount "136"]
[EventDate "2010.07.26"]
[EventType "swiss"]
[EventRounds "9"]
[EventCountry "ESP"]
[SourceTitle "CBM 137 Extra"]
[Source "ChessBase"]
[SourceDate "2010.09.01"]
[SourceVersion "1"]
[SourceVersionDate "2010.09.01"]
[SourceQuality "1"]

1. e4 c5 2. Nf3 e6 3. d4 cxd4 4. Nxd4 a6 5. Nc3 Qc7 6. Be2 Nf6 7. 0-0 Nc6 8. Be3 Be7 9. f4 d6 10. Qe1 0-0 11. Qg3 Rd8 12. Rae1 Bd7 13. f5 Nxd4 14. Bxd4 e5 15. Be3 Kh8 16. Qf2 Rg8 17. Bg5 Bc6 18. Bxf6 Bxf6 19. Rd1 b5 20. a3 Rgd8 21. Qe3 Rac8 22. Rf2 h6 23. Bf3 Bg5 24. Qe2 Qb6 25. Kh1 b4 26. axb4 Qxb4 27. Nd5 Qxb2 28. Qxa6 Bxd5 29. Rxd5 Rxc2 30. Rf1 Rf2 31. Rdd1 Rxf1+ 32. Rxf1 Be3 33. Qc4 Qb7 34. Qd3 Bc5 35. Rb1 Qa7 36. Qd5 Rd7 37. Rf1 Qa6 38. Rd1 Ra7 39. Bh5 Qa4 40. Rb1 Qe8 41. Rf1 Qb5 42. Rd1 Qb2 43. Qc6 Qb8 44. Rf1 Kh7 45. Qd5 Qb5 46. Rd1 Qe8 47. Rf1 Qe7 48. Qd1 Qf6 49. Qd5 Bd4 50. Qb3 Rc7 51. Qd5 Be3 52. Qb3 Bd2 53. Qd5 Bf4 54. g3 Be3 55. Qa5 Ra7 56. Qe1 Bd4 57. Qe2 Qg5 58. Qg4 Qf6 59. Qe2 Qd8 60. Qg4 Qf6 61. Qe2 Bc5 62. Rd1 Rb7 63. Qc4 Ra7 64. Qd5 Qg5 65. Bxf7 Qg4 66. Bg6+ Kh8 67. Rf1 Ra1 68. Qd3 Rxf1+ 0-1

[Event "Euskadi-ch U18"]
[Site "Eibar"]
[Date "2010.04.08"]
[Round "4"]
[White "Saiz Lopez, Laura"]
[Black "Marchena Hurtado, Ander"]
[Result "0-1"]
[WhiteElo "1403"]
[BlackElo "1875"]
[PlyCount "47"]
[EventDate "2010.04.06"]
[EventType "swiss"]
[EventRounds "6"]
[EventCountry "ESP"]
[SourceTitle "CBM 136 Extra"]
[Source "ChessBase"]
[SourceDate "2010.07.02"]
[SourceVersion "2"]
[SourceVersionDate "2010.07.15"]
[SourceQuality "1"]

1. d4 d5 2. c4 c6 3. Nc3 Nf6 4. Bg5 dxc4 5. e3 b5 6. Bxf6 exf6 7. a3 a6 8. Nf3 Be7 9. Be2 Bb7 10. 0-0 0-0 11. Qd2 Qc7 12. Rfd1 Rd8 13. e4 Nd7 14. Qc2 Nf8 15. Rd2 Rd7 16. Rad1 Rad8 17. Nh4 Ne6 18. d5 Nf4 19. Bg4 Nd3 20. Bxd7 Qxd7 21. Rxd3 cxd3 22. Qxd3 g6 23. g3 cxd5 24. Nxd5 0-1